Dobro de Aspera, Pesadas de Burgos y Villaescusa del Butrón : a la luz de la historia /
Gespeichert in:
| Hauptverfasser: | , |
|---|---|
| Format: | Elektronisch E-Book |
| Sprache: | Spanisch |
| Veröffentlicht: |
Madrid, España :
Visión Libros,
[2014]
|
| Schlagworte: | |
| Online-Zugang: | Digitalia Hispánica |
| Tags: |
Tag hinzufügen
Keine Tags, Fügen Sie den ersten Tag hinzu!
|
MARC
| LEADER | 00000nam a2200000Ii 4500 | ||
|---|---|---|---|
| 001 | DIGVISION0097 | ||
| 003 | NyNyDIG | ||
| 006 | m o d | ||
| 007 | cr ||||||||||| | ||
| 008 | 220516s2014 sp a o 000 0 spa d | ||
| 035 | |a (OCoLC)1335133637 | ||
| 040 | |a DGITA |b eng |e rda |e pn |c DGITA | ||
| 020 | |a 9788490112410 |q eBook |q pdf | ||
| 020 | |z 9788490112403 | ||
| 043 | |a e-sp--- | ||
| 050 | 1 | 4 | |a DP302.B81 ebook |
| 100 | 1 | |a Díez Sáiz, Alberto, |e author. | |
| 245 | 1 | 0 | |a Dobro de Aspera, Pesadas de Burgos y Villaescusa del Butrón : |b a la luz de la historia / |c Alberto Díez de Tubillexa y Sáiz y María Pilar Merlos y Rodríguez de Tudanca. |
| 264 | 1 | |a Madrid, España : |b Visión Libros, |c [2014] | |
| 300 | |a 1 online resource : |b illustrations. | ||
| 336 | |a text |b txt |2 rdacontent | ||
| 337 | |a computer |b c |2 rdamedia | ||
| 338 | |a online resource |b cr |2 rdacarrier | ||
| 347 | |a text file |2 rdaft | ||
| 347 | |b PDF | ||
| 588 | 0 | |a Online resource; title from PDF title page (Digitalia, viewed May 16, 2022) | |
| 651 | 0 | |a Burgos (Spain : Province) |x History. | |
| 655 | 0 | |a Electronic books. | |
| 700 | 1 | |a Merlos y Rodríguez de Tudanca, María Pilar, |e author. | |
| 791 | 2 | |a Digitalia (Firm), |e distributor. | |
| 793 | 0 | |g Digitalia eBook Collection: |a Visión Libros | |
| 776 | 0 | 8 | |i Print version: |a Díez Sáiz, Alberto. |t Dobro de Aspera, Pesadas de Burgos y Villaescusa del Butrón. |d Madrid, España : Visión Libros, [2014] |z 9788490112403 |
| 856 | 4 | 0 | |3 Digitalia Hispánica |u https://digitalia.unach.elogim.com/a/88928/ |
| 910 | |a Premium collection: 2022 | ||